Welcome to the Holygrace Academy Library

Please use search bar below to get started

THE RABBIT AND THE SHARKS (Record no. 7363)

MARC details
000 -LEADER
fixed length control field 00267nam a22001217a 4500
082 ## - DEWEY DECIMAL CLASSIFICATION NUMBER
Classification number 823
Item number DAS/R
100 ## - MAIN ENTRY--AUTHOR NAME
Personal name DAS, ASHA
245 ## - TITLE STATEMENT
Title THE RABBIT AND THE SHARKS
260 ## - PUBLICATION, DISTRIBUTION, ETC. (IMPRINT)
Place of publication BOMBAY
Name of publisher PAULINE
Year of publication 01/03/2002
300 ## - PHYSICAL DESCRIPTION
Number of Pages 24
650 ## - SUBJECT ADDED ENTRY--TOPICAL TERM
Topical Term ENGLISH STORY
Geographic subdivision INDIA
942 ## - ADDED ENTRY ELEMENTS (KOHA)
Koha item type Books
Holdings
Withdrawn status Lost status Collection code Home library Current library Date acquired Source of acquisition Cost, normal purchase price Full call number Accession Number Koha item type
Withdrawn Damaged Item Fiction Main Library Main Library 01/03/2002 purchase 7.00 823 DAS/R 00378 Books
Withdrawn Damaged Item Fiction Main Library Main Library 02/03/2002 purchase 7.00 823 DAS/R 00379 Books